Code Cracker! XVII Quiz Stats

 Plays Quiz Updated Jul 15, 2018

Also try: Code Cracker! XVI
Challenge
Share
Tweet
Score 0/164 Timer 04:00
1 Play Today
% Correct
B​
100%
B​
100%
B​
100%
B​
100%
B​
100%
✔​
100%
G​
100%
G​
100%
G​
100%
✔​
100%
A​
93.7%
A​
93.7%
A​
93.7%
A​
93.7%
A​
93.7%
A​
93.7%
A​
93.7%
A​
93.7%
A​
93.7%
A​
93.7%
✔​
93.7%
L​
93.6%
L​
93.6%
L​
93.6%
L​
93.6%
L​
93.6%
L​
93.6%
L​
93.6%
L​
93.6%
L​
93.6%
L​
93.6%
L​
93.6%
L​
93.6%
L​
93.6%
L​
93.6%
✔​
93.6%
U​
93.5%
U​
93.5%
U​
93.5%
U​
93.5%
U​
93.5%
✔​
93.5%
I​
93.4%
I​
93.4%
I​
93.4%
I​
93.4%
I​
93.4%
I​
93.4%
I​
93.4%
I​
93.4%
I​
93.4%
I​
93.4%
I​
93.4%
✔​
93.4%
R​
93.4%
% Correct
R​
93.4%
R​
93.4%
R​
93.4%
R​
93.4%
R​
93.4%
R​
93.4%
R​
93.4%
R​
93.4%
R​
93.4%
R​
93.4%
✔​
93.4%
E​
93.2%
E​
93.2%
E​
93.2%
E​
93.2%
E​
93.2%
E​
93.2%
E​
93.2%
E​
93.2%
E​
93.2%
E​
93.2%
E​
93.2%
E​
93.2%
E​
93.2%
E​
93.2%
E​
93.2%
✔​
93.2%
O​
93.1%
O​
93.1%
O​
93.1%
O​
93.1%
O​
93.1%
O​
93.1%
O​
93.1%
O​
93.1%
O​
93.1%
O​
93.1%
O​
93.1%
O​
93.1%
✔​
93.1%
Y​
93%
Y​
93%
Y​
93%
Y​
93%
✔​
93%
N​
92.2%
N​
92.2%
N​
92.2%
N​
92.2%
N​
92.2%
N​
92.2%
✔​
92.2%
D​
90.4%
D​
90.4%
D​
90.4%
% Correct
D​
90.4%
D​
90.4%
✔​
90.4%
S​
89.3%
S​
89.3%
✔​
89.3%
P​
87.9%
P​
87.9%
P​
87.9%
P​
87.9%
P​
87.9%
P​
87.9%
✔​
87.9%
W​
87.6%
✔​
87.6%
M​
87.5%
M​
87.5%
M​
87.5%
M​
87.5%
M​
87.5%
M​
87.5%
M​
87.5%
✔​
87.5%
T​
87.4%
T​
87.4%
T​
87.4%
T​
87.4%
T​
87.4%
✔​
87.4%
H​
87.2%
H​
87.2%
H​
87.2%
✔​
87.2%
Z​
86.8%
✔​
86.8%
Z​
86.8%
K​
86.7%
K​
86.7%
✔​
86.7%
F​
86.2%
✔​
86.2%
C​
85.9%
C​
85.9%
C​
85.9%
✔​
85.9%
Q​
84.5%
✔​
84.5%
J​
83.3%
J​
83.3%
✔​
83.3%
V​
80.5%
✔​
80.5%
X​
79.4%
✔​
79.4%

You're not logged in!

Compare scores with friends on all Sporcle quizzes.
Join for Free
OR
Log In

You Might Also Like...

Show Comments

Extras

Top Quizzes Today


Score Distribution

Your Account Isn't Verified!

In order to create a playlist on Sporcle, you need to verify the email address you used during registration. Go to your Sporcle Settings to finish the process.

Report this User

Report this user for behavior that violates our Community Guidelines.

Details: